[Event "Madrid-ch Previa-B"]
[Site "Madrid"]
[Date "2022.03.18"]
[Round "6"]
[White "Rebollo Rico, Ignacio"]
[Black "Lazaro Azcutia, Miguel"]
[Result "0-1"]
[WhiteElo "1241"]
[BlackElo "1579"]
[PlyCount "100"]
[EventDate "2022.03.03"]
[EventType "swiss"]
[EventRounds "9"]
[EventCountry "ESP"]
[SourceTitle "EXT 2023"]
[Source "ChessBase"]
[SourceDate "2022.10.05"]
[SourceVersion "1"]
[SourceVersionDate "2022.10.05"]
[SourceQuality "1"]

1. d4 d5 2. Nf3 Nf6 3. e3 e6 4. Bd3 c5 5. c3 Bd6 6. Nbd2 b6 7. Qe2 Bb7 8. 0-0 Nbd7 9. e4 dxe4 10. Nxe4 Nxe4 11. Bxe4 Bxe4 12. Qxe4 0-0 13. Ng5 Nf6 14. Qh4 cxd4 15. Qxd4 Qc7 16. Nf3 Rfd8 17. Qh4 Rd7 18. Bg5 Nd5 19. Qe4 Rc8 20. Rfd1 Ne7 21. Bxe7 Bxe7 22. Ne5 Rd6 23. Nf3 Rcd8 24. Qe1 Bf6 25. Rac1 Qd7 26. Rxd6 Qxd6 27. h3 Kf8 28. g4 Qd5 29. Qe3 Qxa2 30. g5 Be7 31. Qe2 Qd5 32. h4 Qf5 33. Nd4 Qf4 34. Rd1 Qxh4 35. Nf3 Qg4+ 36. Kf1 Qh3+ 37. Kg1 Qg4+ 38. Kf1 Rxd1+ 39. Qxd1 Qc4+ 40. Kg1 Qd5 41. Qxd5 exd5 42. Kg2 f6 43. gxf6 Bxf6 44. Kg3 Ke7 45. Kf4 Ke6 46. Nd4+ Bxd4 47. cxd4 a5 48. b3 b5 49. f3 a4 50. Ke3 a3 0-1